Statistics for Best of Jonathan's General Knowledge #3

Click here to take the quiz!

General Stats

  • This quiz has been taken 6,173 times
  • The average score is 12 of 20

Answer Stats

Question Answer % Correct
What American politician won a Nobel Peace Prize for his climate change activism?Al Gore
78%
What real-life person was the subject of the movie "The Theory of Everything"?Stephen Hawking
76%
In the computing term RAM, what does the R stand for?Random
70%
In which mobile app do you "swipe" the screen to assess potential love interests?Tinder
70%
What Englishwoman wrote just one novel, "Wuthering Heights"?Emily Brontë
68%
What was the surname of the rapper Tupac?Shakur
67%
In what modern-day country did the Anglo-Zulu war take place?South Africa
66%
What Carly Simon song has the lyric "You probably think this song is about you"?You're So Vain
65%
What singer is by far the most famous person from the island nation of Barbados?Rihanna
64%
What band did Paul and Linda McCartney start in 1971?Wings
63%
What celebration was outlawed by Puritans in the English Parliament in 1647?Christmas
60%
Inside what fortress was Anne Boleyn beheaded?Tower of London
58%
What Formula One legend was paralysed in a ski accident in 2013?Michael Schumacher
51%
What type of animal was Bambi's friend Flower?a Skunk
50%
What percussion instrument did Blue Öyster Cult need more of
in a "Saturday Night Live" sketch?
Cowbell
48%
Who electrocuted an elephant in an effort to show that AC power was unsafe?Thomas Edison
47%
Complete the song lyric : "I am a rock, I am an ______"Island
46%
What is the real name of rapper P. Diddy?Sean Combs
46%
What U.S. state capital shares its name with 33 other cities and towns in the United States?Springfield
45%
What singer was married to Christie Brinkley between 1985 and 1994?Billy Joel
44%

Score Distribution

Percentile by Number Answered

Percent of People with Each Score

Your Score History

You have not taken this quiz